Ou en est la relation commerce extérieur - développement?
Charakteristika literatúry o probléme. Posledné reformy obchodnej politiky v niektorých rozvojových krajinách. Úverová schopnosť a model obchodnej reformy. Putá medzi obchodnou politikou a makroekonomickou nestabilitou. Obchodná reforma v nedokonalej konkurencii. Technická účinnosť. (The Journal of...
Gespeichert in:
| 1. Verfasser: | |
|---|---|
| Format: | Buchkapitel |
| Sprache: | Französisch |
| Schlagworte: | |
| Tags: |
Keine Tags, Fügen Sie das erste Tag hinzu!
|
MARC
| LEADER | 00000naa a2200000 4500 | ||
|---|---|---|---|
| 001 | r009129 | ||
| 005 | 20220913125147.5 | ||
| 041 | 0 | |a fre | |
| 044 | |a FR | ||
| 245 | 1 | 0 | |a Ou en est la relation commerce extérieur - développement? |c D. Rodrik |
| 520 | |a Charakteristika literatúry o probléme. Posledné reformy obchodnej politiky v niektorých rozvojových krajinách. Úverová schopnosť a model obchodnej reformy. Putá medzi obchodnou politikou a makroekonomickou nestabilitou. Obchodná reforma v nedokonalej konkurencii. Technická účinnosť. (The Journal of Economic Perspectives 1992, č.1). | ||
| 610 | 2 | 0 | |a politika obchodná |
| 610 | 2 | 0 | |a obchod zahraničný |
| 610 | 2 | 0 | |a reformy hospodárske |
| 610 | 2 | 0 | |a krajiny rozvojové |
| 610 | 2 | 0 | |a konkurencia |
| 610 | 2 | 0 | |a úver |
| 610 | 2 | 0 | |a kapitál zahraničný |
| 610 | 2 | 0 | |a modely ekonomické |
| 610 | 2 | 0 | |a Medzinárodný menový fond |
| 610 | 2 | 0 | |a zadlženosť zahraničná |
| 100 | 1 | |a Rodrik, Dani | |